Statistiche per Quiz sul Piemonte

Clicka qui per fare il quiz!

Statistiche generali

  • Questo quiz è stato fatto 1.938 volte
  • Il punteggio medio è 13 su 26

Statistiche sulle risposte

DomandaRisposta% Corretto
CapoluogoTorino
100%
Regioni confinantiLombardia
96%
Regioni confinantiLiguria
94%
Regioni confinantiValle d'Aosta
93%
Fiume più lungoPo
87%
Regioni confinantiEmilia-Romagna
83%
Seconda città più grandeNovara
70%
Famiglia nobiliare che governò il PiemonteSavoia
68%
Traduci "cadrega" in italianoSedia
65%
Dialetti riconosciuti (i 2 più parlati)Piemontese
61%
E' stato l'edificio più alto del mondo per alcuni anniMole Antonelliana
59%
Montagna da cui nasce il fiume più lungo d'ItaliaMonviso
57%
Nomina uno dei territori dedicati alla coltivazione della viteLanghe / Roero / Monferrato
47%
Pietanza tipica a base di acciughe e aglioBagna càuda
43%
La regione è la prima in Italia nella coltivazione diRiso
41%
Storica industria informatica con sede a IvreaOlivetti
34%
Regioni confinantiProvenza-Alpi-Costa Azzurra
27%
Maschera di TorinoGianduja
26%
Regioni confinantiCanton Ticino
24%
Traduci "barba" in italianoZio
19%
Regioni confinantiAlvernia-Rodano-Alpi
15%
Dialetti riconosciuti (i 2 più parlati)Occitano
14%
Regioni confinantiCanton Vallese
13%
Sport tradizionale piemontese il cui obiettivo è lanciare la palla fuoricampo (o vicino alla linea di fondocampo).Pallapugno (Balon)
11%
Così è chiamata la bandiera della regioneDrapò
7%
Santo patrono della regioneSan Francesco di Sales / Sant'Eusebio di Vercelli
6%

Distribuzione punteggi

Percentile per numero di risposta

Percentuale di utenti per punteggio

I tuoi punteggi nel tempo

Non hai fatto questo quiz